European Countries Starting with M - Statistics

General Stats
  • This quiz has been taken 43 times
  • The average score is 4 of 5
Answer Stats
Country % Correct
Malta
93%
Montenegro
93%
Macedonia
90%
Monaco
88%
Moldova
83%
No matching quizzes found
Score Distribution
Percent of People with Each Score
Percentile by Number Answered
Your Score History
You have not taken this quiz